MARC

Tag First Indicator Second Indicator Subfields
LEADER 00000cam a2200000 a 4500
001 in00000005966
005 20150927203230.0
008 990826s1999 dcua bs f000 0 eng d
035 |a (OCoLC)42251568 
035 |9 AJJ9949AM 
040 |d GPO  |d DLC  |d MvI  |d UtOrBLW 
043 |a n-us-ut 
049 |a UDOC 
074 |a 0768-A-01 
086 0 |a L 2.3:2510-3 
245 0 0 |a Salt Lake City Ogden, UT wages and benefits construction industry test survey, November 1998. 
246 3 |a Wages and benefits construction industry test survey, November 1998 
264 1 |a Washington, DC :  |b U.S. Dept. of Labor, Bureau of Labor Statistics,  |c [1999] 
300 |a v, 26 pages :  |b illustrations ;  |c 28 cm. 
336 |a text  |b txt  |2 rdacontent 
337 |a unmediated  |b n  |2 rdamedia 
338 |a volume  |b nc  |2 rdacarrier 
490 1 |a Bulletin ;  |v 2510-3 
500 |a Shipping list number: 99-0318-P. 
500 |a "June 1999." 
504 |a Includes bibliographical references. 
650 0 |a Wages  |x Construction workers  |z Utah  |z Salt Lake City Metropolitan Area  |v Statistics. 
650 0 |a Employee fringe benefits  |z Utah  |z Salt Lake City Metropolitan Area  |v Statistics. 
650 0 |a Construction industry  |z Utah  |z Salt Lake City Metropolitan Area  |x Employees  |v Statistics. 
650 0 |a Wages  |x Construction workers  |z Utah  |z Ogden Metropolitan Area  |v Statistics. 
650 0 |a Employee fringe benefits  |z Utah  |z Ogden Metropolitan Area  |v Statistics. 
650 0 |a Construction industry  |z Utah  |z Ogden Metropolitan Area  |x Employees  |v Statistics. 
710 1 |a United States.  |b Bureau of Labor Statistics. 
830 0 |a Bulletin of the United States Bureau of Labor Statistics ;  |v 2510-3. 
999 |a MARS 
999 f f |s 44f23cb1-82c3-3c17-9b64-bf66ab77a689  |i 548ad118-d046-31f7-8e3c-f5d2372a8e80  |t 0 
952 f f |p normal  |a Texas A&M University  |b College Station  |c Sterling C. Evans Library  |d Evans: US Documents (Annex 5th floor)  |t 0  |e L 2.3:2510-3  |h Superintendent of Documents classification  |i unmediated -- volume  |m A14824318896 
998 f f |a L 2.3:2510-3  |t 0  |l Evans: US Documents (Annex 5th floor)